Effectif France - Euro 2012 - Statistiques

Statistiques générales
  • Ce quiz a été pris 70 fois
  • Le résultat moyen est 19 sur 24
Statistiques - réponses
POSTE CLUB NUMERO JOUEUR % Correct
G Olympique Lyonnais 1 Hugo Lloris
98%
G Olympique de Marseille 16 Steve Mandanda
97%
ATT Bayern Munich 7 Franck Ribéry
94%
ATT Real Madrid 10 Karim Benzema
94%
ATT Montpellier HSC 9 Olivier Giroud
94%
COACH - - Laurent Blanc
90%
DEF Manchester United 3 Patrice Évra
90%
MIL Manchester City 11 Samir Nasri
90%
DEF Arsenal 21 Laurent Koscielny
87%
DEF Valence CF 4 Adil Rami
84%
DEF AC Milan 5 Philippe Mexès
84%
MIL Newcastle 6 Yohan Cabaye
81%
DEF Manchester City 22 Gaël Clichy
79%
MIL PSG 12 Blaise Matuidi
76%
G Bordeaux 23 Cédric Carrasso
76%
ATT Newcastle 20 Hatem Ben Arfa
73%
ATT Olympique de Marseille 8 Mathieu Valbuena
71%
DEF LOSC 2 Mathieu Debuchy
67%
MIL Chelsea 15 Florent Malouda
60%
ATT PSG 14 Jérémy Ménez
60%
MIL FC Sochaux 19 Marvin Martin
59%
MIL Olympique de Marseille 18 Alou Diarra
56%
DEF Olympique Lyonnais 13 Anthony Réveillère
52%
MIL Stade Rennais 17 Yann M'Vila
48%
Aucun quiz correspondant
Distribution des résultats
% des personnes avec chaque résultat
Percentile par nombre de réponses
Votre historique - résultats
Vous n’avez pas pris ce quiz